<?xml version="1.0" encoding="UTF-8"?><marc:collection xmlns:marc="http://www.loc.gov/MARC21/slim">
  <marc:record>
    <marc:leader>04181nas a2200829 c 4500</marc:leader>
    <marc:controlfield tag="001">010052526</marc:controlfield>
    <marc:controlfield tag="003">DE-101</marc:controlfield>
    <marc:controlfield tag="005">20250825231631.0</marc:controlfield>
    <marc:controlfield tag="007">tu</marc:controlfield>
    <marc:controlfield tag="008">991118d19672020xxka||p|  s|| 0||||1ger c</marc:controlfield>
    <marc:datafield tag="015" ind1=" " ind2=" ">
      <marc:subfield code="a">98,B19,0138</marc:subfield>
      <marc:subfield code="2">dnb</marc:subfield>
    </marc:datafield>
    <marc:datafield tag="016" ind1="7" ind2=" ">
      <marc:subfield code="2">DE-600</marc:subfield>
      <marc:subfield code="a">3498-8</marc:subfield>
    </marc:datafield>
    <marc:datafield tag="016" ind1="7" ind2=" ">
      <marc:subfield code="2">DE-101</marc:subfield>
      <marc:subfield code="a">010052526</marc:subfield>
    </marc:datafield>
    <marc:datafield tag="022" ind1=" " ind2=" ">
      <marc:subfield code="a">0076-6682</marc:subfield>
    </marc:datafield>
    <marc:datafield tag="022" ind1=" " ind2=" ">
      <marc:subfield code="a">0076-6682</marc:subfield>
      <marc:subfield code="2">6</marc:subfield>
    </marc:datafield>
    <marc:datafield tag="035" ind1=" " ind2=" ">
      <marc:subfield code="a">(DE-599)ZDB3498-8</marc:subfield>
    </marc:datafield>
    <marc:datafield tag="035" ind1=" " ind2=" ">
      <marc:subfield code="a">(OCoLC)1367310527</marc:subfield>
    </marc:datafield>
    <marc:datafield tag="040" ind1=" " ind2=" ">
      <marc:subfield code="a">9001</marc:subfield>
      <marc:subfield code="b">ger</marc:subfield>
      <marc:subfield code="c">DE-101</marc:subfield>
      <marc:subfield code="d">9999</marc:subfield>
    </marc:datafield>
    <marc:datafield tag="041" ind1=" " ind2=" ">
      <marc:subfield code="a">ger</marc:subfield>
      <marc:subfield code="a">eng</marc:subfield>
    </marc:datafield>
    <marc:datafield tag="042" ind1=" " ind2=" ">
      <marc:subfield code="a">zdb</marc:subfield>
    </marc:datafield>
    <marc:datafield tag="044" ind1=" " ind2=" ">
      <marc:subfield code="c">XA-GB</marc:subfield>
      <marc:subfield code="c">XA-DE</marc:subfield>
    </marc:datafield>
    <marc:datafield tag="082" ind1="7" ind2="4">
      <marc:subfield code="a">310</marc:subfield>
      <marc:subfield code="a">540</marc:subfield>
      <marc:subfield code="a">660</marc:subfield>
      <marc:subfield code="a">670</marc:subfield>
      <marc:subfield code="q">DE-600</marc:subfield>
      <marc:subfield code="2">22sdnb</marc:subfield>
    </marc:datafield>
    <marc:datafield tag="084" ind1=" " ind2=" ">
      <marc:subfield code="a">17</marc:subfield>
      <marc:subfield code="a">15</marc:subfield>
      <marc:subfield code="a">38</marc:subfield>
      <marc:subfield code="a">78</marc:subfield>
      <marc:subfield code="a">330</marc:subfield>
      <marc:subfield code="a">380</marc:subfield>
      <marc:subfield code="a">650</marc:subfield>
      <marc:subfield code="a">670</marc:subfield>
      <marc:subfield code="q">DE-101</marc:subfield>
      <marc:subfield code="2">sdnb</marc:subfield>
    </marc:datafield>
    <marc:datafield tag="084" ind1=" " ind2=" ">
      <marc:subfield code="a">19,1</marc:subfield>
      <marc:subfield code="2">ssgn</marc:subfield>
    </marc:datafield>
    <marc:datafield tag="084" ind1=" " ind2=" ">
      <marc:subfield code="a">ZM 5000</marc:subfield>
      <marc:subfield code="a">UQ 7100</marc:subfield>
      <marc:subfield code="2">rvk</marc:subfield>
    </marc:datafield>
    <marc:datafield tag="222" ind1=" " ind2="0">
      <marc:subfield code="a">Metallstatistik</marc:subfield>
      <marc:subfield code="b">Frankfurt</marc:subfield>
    </marc:datafield>
    <marc:datafield tag="245" ind1="0" ind2="0">
      <marc:subfield code="a">Metallstatistik</marc:subfield>
      <marc:subfield code="b">= Metal statistics</marc:subfield>
      <marc:subfield code="c">World Bureau of Metal Statistics</marc:subfield>
    </marc:datafield>
    <marc:datafield tag="246" ind1="1" ind2="1">
      <marc:subfield code="a">Metal statistics</marc:subfield>
    </marc:datafield>
    <marc:datafield tag="264" ind1="3" ind2="1">
      <marc:subfield code="a">Ware</marc:subfield>
      <marc:subfield code="b">World Bureau of Metal Statistics</marc:subfield>
      <marc:subfield code="c">[1967-2020]</marc:subfield>
    </marc:datafield>
    <marc:datafield tag="264" ind1=" " ind2="1">
      <marc:subfield code="3">anfangs</marc:subfield>
      <marc:subfield code="a">Frankfurt am Main</marc:subfield>
      <marc:subfield code="b">Metallgesellschaft AG</marc:subfield>
    </marc:datafield>
    <marc:datafield tag="336" ind1=" " ind2=" ">
      <marc:subfield code="a">Text</marc:subfield>
      <marc:subfield code="b">txt</marc:subfield>
      <marc:subfield code="2">rdacontent</marc:subfield>
    </marc:datafield>
    <marc:datafield tag="337" ind1=" " ind2=" ">
      <marc:subfield code="a">ohne Hilfsmittel zu benutzen</marc:subfield>
      <marc:subfield code="b">n</marc:subfield>
      <marc:subfield code="2">rdamedia</marc:subfield>
    </marc:datafield>
    <marc:datafield tag="338" ind1=" " ind2=" ">
      <marc:subfield code="a">Band</marc:subfield>
      <marc:subfield code="b">nc</marc:subfield>
      <marc:subfield code="2">rdacarrier</marc:subfield>
    </marc:datafield>
    <marc:datafield tag="362" ind1="0" ind2=" ">
      <marc:subfield code="a">54.1957/1966(1967)-108.2011/2020 ; damit Erscheinen eingestellt</marc:subfield>
    </marc:datafield>
    <marc:datafield tag="363" ind1="0" ind2="0">
      <marc:subfield code="8">1.1\x</marc:subfield>
      <marc:subfield code="a">54</marc:subfield>
      <marc:subfield code="i">1957</marc:subfield>
    </marc:datafield>
    <marc:datafield tag="363" ind1="1" ind2="0">
      <marc:subfield code="8">1.2\x</marc:subfield>
      <marc:subfield code="a">108</marc:subfield>
      <marc:subfield code="i">2020</marc:subfield>
    </marc:datafield>
    <marc:datafield tag="500" ind1=" " ind2=" ">
      <marc:subfield code="a">Herausgebendes Organ teils: Warburg Dillon Read</marc:subfield>
    </marc:datafield>
    <marc:datafield tag="500" ind1=" " ind2=" ">
      <marc:subfield code="a">Parallelsacht. ab 79.1981/91</marc:subfield>
    </marc:datafield>
    <marc:datafield tag="515" ind1=" " ind2=" ">
      <marc:subfield code="a">Erscheint jährl.</marc:subfield>
    </marc:datafield>
    <marc:datafield tag="546" ind1=" " ind2=" ">
      <marc:subfield code="a">Ab 71.1973/83 Text dt., engl.</marc:subfield>
    </marc:datafield>
    <marc:datafield tag="550" ind1=" " ind2=" ">
      <marc:subfield code="a">Urh. bis 1992: Metallgesellschaft</marc:subfield>
    </marc:datafield>
    <marc:datafield tag="591" ind1=" " ind2=" ">
      <marc:subfield code="a">206H!(21-08-23)</marc:subfield>
    </marc:datafield>
    <marc:datafield tag="650" ind1=" " ind2="7">
      <marc:subfield code="0">(DE-588)4191462-4</marc:subfield>
      <marc:subfield code="0">https://d-nb.info/gnd/4191462-4</marc:subfield>
      <marc:subfield code="0">(DE-101)041914627</marc:subfield>
      <marc:subfield code="a">Metallwirtschaft</marc:subfield>
      <marc:subfield code="9">rswk-swf</marc:subfield>
      <marc:subfield code="2">gnd</marc:subfield>
    </marc:datafield>
    <marc:datafield tag="650" ind1=" " ind2="7">
      <marc:subfield code="0">(DE-588)4056995-0</marc:subfield>
      <marc:subfield code="0">https://d-nb.info/gnd/4056995-0</marc:subfield>
      <marc:subfield code="0">(DE-101)040569950</marc:subfield>
      <marc:subfield code="a">Statistik</marc:subfield>
      <marc:subfield code="9">rswk-swf</marc:subfield>
      <marc:subfield code="2">gnd</marc:subfield>
    </marc:datafield>
    <marc:datafield tag="650" ind1=" " ind2="7">
      <marc:subfield code="0">(DE-588)4038860-8</marc:subfield>
      <marc:subfield code="0">https://d-nb.info/gnd/4038860-8</marc:subfield>
      <marc:subfield code="0">(DE-101)040388603</marc:subfield>
      <marc:subfield code="a">Metall</marc:subfield>
      <marc:subfield code="9">rswk-swf</marc:subfield>
      <marc:subfield code="2">gnd</marc:subfield>
    </marc:datafield>
    <marc:datafield tag="650" ind1=" " ind2="7">
      <marc:subfield code="0">(DE-588)4056995-0</marc:subfield>
      <marc:subfield code="0">https://d-nb.info/gnd/4056995-0</marc:subfield>
      <marc:subfield code="0">(DE-101)040569950</marc:subfield>
      <marc:subfield code="a">Statistik</marc:subfield>
      <marc:subfield code="9">rswk-swf</marc:subfield>
      <marc:subfield code="2">gnd</marc:subfield>
    </marc:datafield>
    <marc:datafield tag="650" ind1=" " ind2="7">
      <marc:subfield code="0">(DE-588)4038860-8</marc:subfield>
      <marc:subfield code="0">https://d-nb.info/gnd/4038860-8</marc:subfield>
      <marc:subfield code="0">(DE-101)040388603</marc:subfield>
      <marc:subfield code="a">Metall</marc:subfield>
      <marc:subfield code="9">rswk-swf</marc:subfield>
      <marc:subfield code="2">gnd</marc:subfield>
    </marc:datafield>
    <marc:datafield tag="650" ind1=" " ind2="7">
      <marc:subfield code="0">(DE-588)4344896-3</marc:subfield>
      <marc:subfield code="0">https://d-nb.info/gnd/4344896-3</marc:subfield>
      <marc:subfield code="0">(DE-101)94161882X</marc:subfield>
      <marc:subfield code="a">Metallproduktion</marc:subfield>
      <marc:subfield code="9">rswk-swf</marc:subfield>
      <marc:subfield code="2">gnd</marc:subfield>
    </marc:datafield>
    <marc:datafield tag="655" ind1=" " ind2="7">
      <marc:subfield code="0">(DE-588)4067488-5</marc:subfield>
      <marc:subfield code="0">https://d-nb.info/gnd/4067488-5</marc:subfield>
      <marc:subfield code="0">(DE-101)040674886</marc:subfield>
      <marc:subfield code="a">Zeitschrift</marc:subfield>
      <marc:subfield code="2">gnd-content</marc:subfield>
    </marc:datafield>
    <marc:datafield tag="655" ind1=" " ind2="7">
      <marc:subfield code="0">(DE-588)4056995-0</marc:subfield>
      <marc:subfield code="0">https://d-nb.info/gnd/4056995-0</marc:subfield>
      <marc:subfield code="0">(DE-101)040569950</marc:subfield>
      <marc:subfield code="a">Statistik</marc:subfield>
      <marc:subfield code="2">gnd-content</marc:subfield>
    </marc:datafield>
    <marc:datafield tag="655" ind1=" " ind2="7">
      <marc:subfield code="a">Statistik</marc:subfield>
      <marc:subfield code="9">rswk-swf</marc:subfield>
      <marc:subfield code="2">gnd</marc:subfield>
    </marc:datafield>
    <marc:datafield tag="655" ind1=" " ind2="7">
      <marc:subfield code="a">Statistik</marc:subfield>
      <marc:subfield code="9">rswk-swf</marc:subfield>
      <marc:subfield code="2">gnd</marc:subfield>
    </marc:datafield>
    <marc:datafield tag="689" ind1="0" ind2="0">
      <marc:subfield code="0">(DE-588)4191462-4</marc:subfield>
      <marc:subfield code="0">https://d-nb.info/gnd/4191462-4</marc:subfield>
      <marc:subfield code="0">(DE-101)041914627</marc:subfield>
      <marc:subfield code="D">s</marc:subfield>
      <marc:subfield code="a">Metallwirtschaft</marc:subfield>
    </marc:datafield>
    <marc:datafield tag="689" ind1="0" ind2="1">
      <marc:subfield code="0">(DE-588)4056995-0</marc:subfield>
      <marc:subfield code="0">https://d-nb.info/gnd/4056995-0</marc:subfield>
      <marc:subfield code="0">(DE-101)040569950</marc:subfield>
      <marc:subfield code="D">s</marc:subfield>
      <marc:subfield code="a">Statistik</marc:subfield>
    </marc:datafield>
    <marc:datafield tag="689" ind1="0" ind2=" ">
      <marc:subfield code="5">DE-600</marc:subfield>
      <marc:subfield code="5">DE-600</marc:subfield>
    </marc:datafield>
    <marc:datafield tag="689" ind1="1" ind2="0">
      <marc:subfield code="0">(DE-588)4038860-8</marc:subfield>
      <marc:subfield code="0">https://d-nb.info/gnd/4038860-8</marc:subfield>
      <marc:subfield code="0">(DE-101)040388603</marc:subfield>
      <marc:subfield code="D">s</marc:subfield>
      <marc:subfield code="a">Metall</marc:subfield>
    </marc:datafield>
    <marc:datafield tag="689" ind1="1" ind2="1">
      <marc:subfield code="0">(DE-588)4056995-0</marc:subfield>
      <marc:subfield code="0">https://d-nb.info/gnd/4056995-0</marc:subfield>
      <marc:subfield code="0">(DE-101)040569950</marc:subfield>
      <marc:subfield code="D">s</marc:subfield>
      <marc:subfield code="a">Statistik</marc:subfield>
    </marc:datafield>
    <marc:datafield tag="689" ind1="1" ind2=" ">
      <marc:subfield code="5">DE-600</marc:subfield>
      <marc:subfield code="5">DE-600</marc:subfield>
    </marc:datafield>
    <marc:datafield tag="689" ind1="2" ind2="0">
      <marc:subfield code="0">(DE-588)4038860-8</marc:subfield>
      <marc:subfield code="0">https://d-nb.info/gnd/4038860-8</marc:subfield>
      <marc:subfield code="0">(DE-101)040388603</marc:subfield>
      <marc:subfield code="D">s</marc:subfield>
      <marc:subfield code="a">Metall</marc:subfield>
    </marc:datafield>
    <marc:datafield tag="689" ind1="2" ind2="1">
      <marc:subfield code="A">f</marc:subfield>
      <marc:subfield code="a">Statistik</marc:subfield>
    </marc:datafield>
    <marc:datafield tag="689" ind1="2" ind2=" ">
      <marc:subfield code="5">DE-600</marc:subfield>
      <marc:subfield code="5">DE-600</marc:subfield>
    </marc:datafield>
    <marc:datafield tag="689" ind1="3" ind2="0">
      <marc:subfield code="0">(DE-588)4344896-3</marc:subfield>
      <marc:subfield code="0">https://d-nb.info/gnd/4344896-3</marc:subfield>
      <marc:subfield code="0">(DE-101)94161882X</marc:subfield>
      <marc:subfield code="D">s</marc:subfield>
      <marc:subfield code="a">Metallproduktion</marc:subfield>
    </marc:datafield>
    <marc:datafield tag="689" ind1="3" ind2="1">
      <marc:subfield code="A">f</marc:subfield>
      <marc:subfield code="a">Statistik</marc:subfield>
    </marc:datafield>
    <marc:datafield tag="689" ind1="3" ind2=" ">
      <marc:subfield code="5">DE-600</marc:subfield>
      <marc:subfield code="5">DE-600</marc:subfield>
    </marc:datafield>
    <marc:datafield tag="710" ind1="2" ind2=" ">
      <marc:subfield code="0">(DE-588)121209-6</marc:subfield>
      <marc:subfield code="0">https://d-nb.info/gnd/121209-6</marc:subfield>
      <marc:subfield code="0">(DE-101)001212095</marc:subfield>
      <marc:subfield code="a">World Bureau of Metal Statistics</marc:subfield>
      <marc:subfield code="2">gnd</marc:subfield>
    </marc:datafield>
    <marc:datafield tag="710" ind1="2" ind2=" ">
      <marc:subfield code="0">(DE-588)2019383-X</marc:subfield>
      <marc:subfield code="0">https://d-nb.info/gnd/2019383-X</marc:subfield>
      <marc:subfield code="0">(DE-101)004775198</marc:subfield>
      <marc:subfield code="a">Metallgesellschaft</marc:subfield>
      <marc:subfield code="e">Herausgebendes Organ</marc:subfield>
      <marc:subfield code="4">isb</marc:subfield>
      <marc:subfield code="2">gnd</marc:subfield>
    </marc:datafield>
    <marc:datafield tag="710" ind1="2" ind2=" ">
      <marc:subfield code="0">(DE-588)5324850-8</marc:subfield>
      <marc:subfield code="0">https://d-nb.info/gnd/5324850-8</marc:subfield>
      <marc:subfield code="0">(DE-101)956927882</marc:subfield>
      <marc:subfield code="a">Warburg Dillon Read</marc:subfield>
      <marc:subfield code="g">London</marc:subfield>
      <marc:subfield code="e">Herausgebendes Organ</marc:subfield>
      <marc:subfield code="4">isb</marc:subfield>
      <marc:subfield code="2">gnd</marc:subfield>
    </marc:datafield>
    <marc:datafield tag="780" ind1="0" ind2="0">
      <marc:subfield code="i">Fortsetzung von</marc:subfield>
      <marc:subfield code="t">Statistische Zusammenstellungen über Aluminium, Blei, Kupfer, Zink, Zinn, Kadmium, Magnesium, Nickel, Quecksilber und Silber</marc:subfield>
      <marc:subfield code="d">Frankfurt, M. : Metallges., 1890-1966</marc:subfield>
      <marc:subfield code="w">(DE-600)6064-1</marc:subfield>
      <marc:subfield code="w">(DE-101)010081674</marc:subfield>
    </marc:datafield>
    <marc:datafield tag="780" ind1="0" ind2="5">
      <marc:subfield code="i">Darin aufgegangen</marc:subfield>
      <marc:subfield code="t">Metal statistics</marc:subfield>
      <marc:subfield code="d">Frankfurt am Main : Metallgesellschaft AG, 1975-1983</marc:subfield>
      <marc:subfield code="x">0170-9933</marc:subfield>
      <marc:subfield code="w">(DE-600)2941083-6</marc:subfield>
      <marc:subfield code="w">(DE-101)550156968</marc:subfield>
    </marc:datafield>
    <marc:datafield tag="850" ind1=" " ind2=" ">
      <marc:subfield code="a">DE-101a</marc:subfield>
      <marc:subfield code="a">DE-101b</marc:subfield>
    </marc:datafield>
    <marc:datafield tag="889" ind1=" " ind2=" ">
      <marc:subfield code="w">(DE-101)550240845</marc:subfield>
    </marc:datafield>
    <marc:datafield tag="925" ind1="r" ind2=" ">
      <marc:subfield code="a">rb</marc:subfield>
    </marc:datafield>
  </marc:record>
</marc:collection>
